00486nam a22001697a 450000500170000001000130001702000230003003500130005303700090006608200080007510000190008324500450010226000540014727000560020130000200025750000390027720210707164756.0 aB-740589 a8186323368c700.00 aB-740589 bGift a425 aKoul, Omkar N. aModern Hindi grammar /cby Omkar N. Kaul bIndian Institute of Language Studiesc2009aDelhi aC-13, Greenview, 33 Sector-9, RohinibDelhie110085 a326p.c22cm(Hb) ainclude bibliographical references